=LDR 00000nam 2200000 4500 =001 INLIS000000000005822 =005 20251029094243 =035 ##$$a 0010-1025000877 =007 ta =008 251029###########################0#ind## =082 ##$$a 362.1989 =084 ##$$a 362.1989 BAD i =245 1#$$a IUD Campaign Proposal : $b - /$c Badan Koordinasi Keluarga Berencana Nasional =260 ##$:$b Hotline =300 ##$$a 28 hal : $b ilus ; $c 23 cm =650 #4$$a Keluarga Berencana =110 #$$a Badan Koordinasi Keluarga Berencana Nasional =856 ##$$a Perpustakaan Kemendukbangga